000
00337nam a2200145Ia 4500
005
20251222153543.0
008
251222s9999||||xx |||||||||||||| ||spa||
020
_a
8476980787
082
_a
340/M84
100
_a
Montero Aroca, Juan
245
0
_a
Derecho Jurisdiccional:
250
_a
1a. ed.
264
_b
JMB Editor
942
_c
LIB
999
_c
30537
_d
30537